00342nam a2200145Ia 450000100060000000800410000602000070004704000130005408200230006710000190009024500280010926000410013730000110017854600070018956149140506s9999 xx 000 0 und d aNA cPK-LaUMT aMAL 333.79bFRI-EN aFricke, Jochen aEnergiecFricke, Jochen aMunchen:bR. Oldenboug Verlag,c1984 a616 p. aEN